Management information systems managing the digital firm (Registro nro. 307884)
[ vista simple ]
| 000 -ENCABEZADO | |
|---|---|
| Número de control [NR] | 01070nam a22002657a 4500 |
| 005 - FECHA Y HORA DE LA ÚLTIMA TRANSACCIÓN | |
| control field | 20171025125050.0 |
| 008 - DE LONGITUD FIJA DE DATOS DE ELEMENTOS - INFORMACIÓN GENERAL | |
| Elementos de longitud fija [NR] | 171025s2018 xxuad fr 1 eng d |
| 020 ## - NUMERO INTERNACIONAL NORMALIZADO PARA LIBROS [R] | |
| Número Internacional Normalizado del libro [NR] | 978-0134639710 (15a.Ed.) |
| 040 ## - FUENTE DE CATALOGACION [NR] | |
| Agencia de catalogación original [NR] | Co-BoUCM |
| Idioma de catalogación [NR] | spa |
| Quien Cataloga | Saul Niño |
| Quien Clasifica | Saul Niño |
| 041 00 - CODIGO DE IDIOMA [R] | |
| Código de idioma para texto/pista de sonido o título separado [R] | Inglés |
| 100 1# - ASIENTO PRINCIPAL--NOMBRE PERSONAL [NR] | |
| Nombre personal [NR] | Laudon, Kenneth C. |
| Fechas asociadas con el nombre [NR] | 1944- |
| ID Autoridad | 33875 |
| 245 10 - MENCION DE TITULO [NR] | |
| Título [NR] | Management information systems managing the digital firm |
| Mención de responsabilidad, etc. [NR] | Kenneth C. Laudon y Jane P. Laudon |
| 250 ## - MENCION DE EDICION [NR] | |
| Mención de edición [NR] | 15a edición |
| 260 ## - PUBLICACION, DISTRIBUCION, ETC. (PIE DE IMPRENTA) [R] | |
| Lugar de publicación, distribución, etc. [R] | Hoboken (Nueva Jersey, Estados Unidos) |
| Nombre del editor, distribuidor, etc. [R] | Pearson |
| Fecha de publicación, distribución, etc. [R] | 2018 |
| 300 ## - DESCRIPCION FISICA [R] | |
| Extensión [R] | v, 590, [6] páginas |
| Otros detalles físicos [NR] | ilustraciones, cuadros y gráficas |
| 504 ## - NOTA DE BIBLIOGRAFIA, ETC. [R] | |
| Nota de bibliografía, etc. [NR] | Incluye referencias bibliográficas e índices y glosario |
| 650 04 - ASIENTO SECUNDARIO DE MATERIA - TERMINO TEMATICO [R] | |
| Término temático o nombre geográfico como elemento de entrada [NR] | Administración de empresas |
| 9 (RLIN) | 435 |
| 650 04 - ASIENTO SECUNDARIO DE MATERIA - TERMINO TEMATICO [R] | |
| Término temático o nombre geográfico como elemento de entrada [NR] | Administración de sistemas de información |
| 9 (RLIN) | 8581 |
| 650 04 - ASIENTO SECUNDARIO DE MATERIA - TERMINO TEMATICO [R] | |
| Término temático o nombre geográfico como elemento de entrada [NR] | Información |
| 9 (RLIN) | 17580 |
| 650 04 - ASIENTO SECUNDARIO DE MATERIA - TERMINO TEMATICO [R] | |
| Término temático o nombre geográfico como elemento de entrada [NR] | Seguridad en computadores |
| 9 (RLIN) | 24095 |
| 650 04 - ASIENTO SECUNDARIO DE MATERIA - TERMINO TEMATICO [R] | |
| Término temático o nombre geográfico como elemento de entrada [NR] | Sistemas de información en administración |
| 9 (RLIN) | 24623 |
| 700 1# - ASIENTO SECUNDARIO - NOMBRE PERSONAL [R] | |
| Nombre personal [NR] | Laudon, Jane P. |
| 9 (RLIN) | 44953 |
| 942 ## - ELEMENTOS DE ENTRADA AGREGADOS (KOHA) | |
| Tipo de ítem principal el descrito en 300a | Libro |
| Sistema de clasificación | DEWEY |
| Tema principal | Administración |
| Edición | 15 |
| Clasificación | 658.4038 |
| Parte restante de la signatura top. | L372ma |
| Signatura topográfica | Código de barras | Última vez visto | Volúmen / Fascículo | Ejemplar | Costo de reposición | Price effective from | Tipo de ítem | Perdido | Sistema de clasificación | Dañado | No prestable | Tipo de ítem específico | Suprimido | Ubicación habitual | Ubicación actual | Localización | Fecha de creación | Proveedor | Forma de adquisición | Costo | Fecha de último préstamo | Total préstamos | Total Renewals |
|---|---|---|---|---|---|---|---|---|---|---|---|---|---|---|---|---|---|---|---|---|---|---|---|
| 658.4038 L372ma | 100154527 | 04/12/2025 | 15a.Ed. | Ej.3 | 812000.00 | 19/10/2017 | Libro | DEWEY | Libro | Claustro | Claustro | 4to piso | 19/10/2017 | 111 | Compra | 812000.00 | 01/11/2024 | 2 | 1 | ||||
| 003 L372ma | 100154525 | 11/12/2025 | 15a.Ed. | Ej.1 | 812000.00 | 19/10/2017 | Libro | DEWEY | Libro | Sede del emprendimiento y la innovación | Sede del Emprendimiento, Innovación y Creación | 1er piso | 19/10/2017 | 111 | Compra | 812000.00 |